| 000 | 00372nam a2200157Ia 4500 | ||
|---|---|---|---|
| 003 | 0STCL | ||
| 008 | 150530s9999 xx 000 0 und d | ||
| 040 |
_aSTCL _cSTCL |
||
| 100 | _aVarghese, S.K. | ||
| 245 | _aForeign exchange and financing of foreign trade | ||
| 260 |
_bVikas _c1976 |
||
| 546 | _aEnglish | ||
| 942 |
_2ddc _cBK |
||
| 999 |
_c8721 _d8721 |
||
| 005 | 20220125165514.0 | ||